000 00874nam a2200253Ia 4500
003 OSt
005 20220923215133.0
006 a|||||r|||| 00| 0
007 ta
008 220922b |||||||| |||| 00| 0 hin d
024 _a175,920
037 _cTextual
040 _aARTS
_cARTS
_bhin
041 _2hin
_ahin
082 _aO152,1:gN1, M1
100 _aजोशी, जीवन प्रकाश
_9158683
245 0 _aनयी कविता की मानक कृतियां
246 _aNayī kavitā kī mānak kṛutiyāan
260 _aदिल्ली
_b सन्मार्ग प्रकाशन
_c1981
300 _a186 पृ.
_ccm.
650 _aहिन्दी साहित्य
_9156264
942 _hO152,1:gN1, M1
_cTEXL
_2CC
999 _c329596
_d329596